000 00706nam a2200217 a 4500
001 000023124
005 20200930022014.0
008 101126s1987 ag r 000 0 spa d
020 _a9500406179
040 _aDO-SdBNP
_bspa
_cBNPHU
041 1 7 _aspa
_heng
_2Código de idioma MARC.
082 _aNNN
_bI26u
100 1 _aIkeda, Daisaku,
_d1928-
_947609
240 1 0 _aA lasting peace.
_lEspañol.
245 1 0 _aUna paz duradera /
_cDaisaku Ikeda ; traducción Alberto Luis Bixio.
260 _aBuenos Aires, (Argentina) :
_bEmecé Editores,
_c1987.
300 _a331, [2] p. :
_bil. ;
_c20 cm.
534 _aTítulo original:
_tA lasting peace
700 1 _aBisio, Alberto Luis
_etr
_947610
049 _aBNGR
999 _c22621
_d22621